000 00394nam a2200157Ia 4500
005 20250411014727.0
008 240331s9999 xx 000 0 und d
020 _a9559662805
082 _bSUM
_a891
100 _aSumanasekara,M
245 0 _aWishwaye kaanthawa
260 _aNugegoda
_bManike Sumanasekare ( Author)
_c1999
300 _a167 p .,
500 _aA Story About women
942 _cL
999 _c4907
_d4907